[Event "29. Friedensfest-Open (AFRO-A)"]
[Site "Augsburg"]
[Date "2024.08.08"]
[Round "2.51"]
[White "Nezosi, Christophe"]
[Black "Sensoy, Emir"]
[Result "0-1"]
[WhiteElo "1619"]
[BlackElo "1776"]
[EventDate "2024.08.08"]
[Time "15:30:00"]
[WhiteNrv "1619"]
[BlackNrv "1776"]
[WhiteTwz "1619"]
[BlackTwz "1776"]
[WhiteFideId "36067164"]
[BlackFideId "34607390"]
[BlackNatFedId "10730374"]
[WhiteAttr "M"]
[BlackAttr "M"]
[WhiteTeam "Vandeuvre Échecs"]
[BlackTeam "MSA Zugzwang 82 e.V."]
[PlyCount "0"]

1.e4 c5 2.Nc3 g6 3.d4 cxd4 4.Qxd4 Nf6 5.e5 Nc6 6.Qf4 Nh5 7.Qe4 d6 8.g4 Ng7
9.Bb5 Qd7 10.Nf3 a6 11.Ba4 b5 12.Bb3 Bb7 13.exd6 Qxd6 14.Qd5 e6 15.Qxd6 
Bxd6 16.O-O O-O 17.Bh6 Rfd8 18.Rad1 Ne5 19.Nxe5 Bxe5 20.Rxd8+ Rxd8 21.Rd1 
Rxd1+ 22.Nxd1 Bf3 23.c3 Bxg4 24.Ne3 Bf3 25.a4 Nh5 26.c4 bxa4 27.Bxa4 Bxb2 
28.c5 Be5 29.Nc4 Bc7 30.Nd6 Nf6 31.Bg5 Ne4 32.Nxe4 Bxe4 33.Be7 a5 34.c6 f5
35.Bh4 Kf7 36.Bg3 Bxg3 37.hxg3 Ke7 38.c7 Bb7 39.Kf1 Kd6 40.Ke2 Kxc7 41.Ke3
Bd5 42.Kf4 Kd6 43.Kg5 Ke5 44.Kh6 Ke4 45.Bd1 a4 46.Bxa4 Kf3 47.Kxh7 Kxf2 
48.Kxg6 Kxg3 49.Kf6 f4 50.Bb5 f3 51.Ke5 f2 52.Bf1 Kh2 53.Be2 Kg1 54.Kf4 
f1=Q+ 55.Bxf1 Kxf1 56.Ke5 Kf2 57.Kf4 Ba2 58.Ke5 Ke3 59.Kf6 Kf4 0-1

[Event "29. Friedensfest-Open (AFRO-A)"]
[Site "Augsburg"]
[Date "2024.08.09"]
[Round "3.1"]
[White "Ovsepyan, Arshak"]
[Black "Poetsch, Hagen"]
[Result "0-1"]
[WhiteElo "2208"]
[BlackElo "2453"]
[EventDate "2024.08.08"]
[Time "09:30:00"]
[WhiteNrv "2208"]
[BlackNrv "2453"]
[WhiteTwz "2208"]
[BlackTwz "2453"]
[BlackTitle "GM"]
[WhiteFideId "24690236"]
[BlackFideId "24615137"]
[WhiteNatFedId "10262433"]
[BlackNatFedId "10165992"]
[WhiteAttr "M"]
[BlackAttr "M"]
[WhiteTeam "SK Graefelfing"]
[BlackTeam "SC Heusenstamm"]
[PlyCount "0"]

1.c4 e5 2.g3 Nf6 3.Bg2 d5 4.cxd5 Nxd5 5.Nc3 Nb6 6.Nf3 Nc6 7.O-O Be7 8.a3 
O-O 9.d3 Be6 10.b4 a5 11.b5 Nd4 12.Nxd4 exd4 13.Na4 Bd5 14.Nxb6 cxb6 15.
Qa4 Bc5 16.Bb2 Re8 17.Rfe1 Bxg2 18.Kxg2 Qd5+ 19.Kg1 Re6 20.Qc4 Qd7 21.e4 
dxe3 22.d4 exf2+ 23.Kxf2 Rh6 24.Kg1 Bd6 25.Re3 Rc8 26.Qe2 f5 27.Rf1 Qf7 
28.Ref3 Re8 29.Qg2 Rh5 30.Qc2 f4 31.gxf4 Bxf4 32.Rxf4 Rg5+ 33.Kh1 Qd5+ 34.
R4f3 Qxf3+ 0-1

[Event "29. Friedensfest-Open (AFRO-A)"]
[Site "Augsburg"]
[Date "2024.08.09"]
[Round "3.2"]
[White "Vuckovic, Zarko"]
[Black "Longo, Massimo"]
[Result "1/2-1/2"]
[WhiteElo "2353"]
[BlackElo "1972"]
[EventDate "2024.08.08"]
[Time "09:30:00"]
[WhiteNrv "2353"]
[BlackNrv "1972"]
[WhiteTwz "2353"]
[BlackTwz "1972"]
[WhiteFideId "12952087"]
[BlackFideId "16205227"]
[WhiteNatFedId "10284643"]
[BlackNatFedId "10270052"]
[WhiteAttr "M"]
[BlackAttr "M"]
[WhiteTeam "SF Augsburg"]
[BlackTeam "SK Graefelfing"]
[PlyCount "0"]

1.e4 e6 2.d4 d5 3.e5 c5 4.c3 Nc6 5.Nf3 Qb6 6.a3 c4 7.Nbd2 Na5 8.Rb1 Bd7 9.
g3 O-O-O 10.Bg2 h6 11.h4 Kb8 12.h5 Ne7 13.Nf1 Nc8 14.Bf4 a6 15.Ne3 Ka7 16.
g4 Be7 17.Bg3 Rdf8 18.Nh4 Be8 19.f4 g5 20.hxg6 fxg6 21.Nf3 Qd8 22.Qe2 Nb6 
23.Kf2 Bd7 24.Kg1 g5 25.fxg5 hxg5 26.Rxh8 Rxh8 27.Rf1 Be8 28.Qc2 Rg8 29.
Be1 Bg6 30.Qd1 Qd7 31.Bd2 Qb5 32.Bc1 Na4 33.Rf2 Nb3 34.Nf1 Be8 35.Be3 Na5 
36.Qe2 Bg6 37.Ng3 Bd3 38.Qd2 Nb3 39.Qe1 Na5 40.Bc1 Qb3 41.Nh5 Rg6 42.Nf6 
Bxf6 43.exf6 Rxf6 44.Nd2 Rxf2 45.Nxb3 Re2 46.Qg3 Nxb3 47.Bxg5 Rxb2 48.Qd6 
Nxc3 49.Bf3 Ne4 50.Bxe4 Bxe4 51.Bd8 Rg2+ 52.Kf1 Nd2+ 53.Ke1 Nf3+ 54.Kd1 
Rd2+ 55.Kc1 Rc2+ 56.Kd1 1/2-1/2

[Event "29. Friedensfest-Open (AFRO-A)"]
[Site "Augsburg"]
[Date "2024.08.09"]
[Round "3.3"]
[White "Gibicar, Danijel"]
[Black "Haselbeck, Franz"]
[Result "1-0"]
[WhiteElo "2269"]
[BlackElo "1929"]
[EventDate "2024.08.08"]
[Time "09:30:00"]
[WhiteNrv "2269"]
[BlackNrv "1929"]
[WhiteTwz "2269"]
[BlackTwz "1929"]
[WhiteTitle "FM"]
[WhiteFideId "24660256"]
[BlackFideId "1270356"]
[WhiteNatFedId "10060994"]
[BlackNatFedId "10075444"]
[WhiteAttr "M"]
[BlackAttr "M"]
[WhiteTeam "SC Eppingen"]
[BlackTeam "SG Traunstein/Traunreut e.V."]
[PlyCount "0"]

1.e4 d5 2.exd5 Qxd5 3.Nc3 Qd8 4.d4 Nf6 5.Nf3 c6 6.Bc4 Bf5 7.Bg5 e6 8.Qe2 
Be7 9.O-O-O O-O 10.Ne5 Nd5 11.Bxe7 Qxe7 12.g4 Nxc3 13.bxc3 Bg6 14.h4 f6 
15.Nxg6 hxg6 16.Bxe6+ Kh8 17.g5 f5 18.h5 Qxg5+ 19.Kb1 1-0

[Event "29. Friedensfest-Open (AFRO-A)"]
[Site "Augsburg"]
[Date "2024.08.09"]
[Round "3.4"]
[White "Reis, Thomas"]
[Black "Weichlein, Paul"]
[Result "1-0"]
[WhiteElo "2195"]
[BlackElo "2045"]
[EventDate "2024.08.08"]
[Time "09:30:00"]
[WhiteNrv "2195"]
[BlackNrv "2045"]
[WhiteTwz "2195"]
[BlackTwz "2045"]
[WhiteFideId "4678699"]
[BlackFideId "4671643"]
[WhiteNatFedId "10174084"]
[BlackNatFedId "10236793"]
[WhiteAttr "M"]
[BlackAttr "*"]
[WhiteTeam "SK Kriegshaber"]
[BlackTeam "SAbt TSV Haunstetten"]
[PlyCount "0"]

1.d4 Nf6 2.Nf3 e6 3.c4 d5 4.e3 Be7 5.b3 O-O 6.Bd3 c5 7.O-O b6 8.Bb2 Bb7 9.
Nbd2 Nbd7 10.Qe2 Ne4 11.Rfd1 Qc7 12.Rac1 Bf6 13.cxd5 exd5 14.Ba6 Rac8 15.
Nxe4 dxe4 16.Nd2 Rfe8 17.b4 Bxa6 18.Qxa6 Nb8 19.Qe2 Qb7 20.Nc4 Qa6 21.dxc5
Re6 22.Bxf6 Rxf6 23.Qg4 h5 24.Qxh5 bxc5 25.bxc5 Qxa2 26.Rd2 Qa6 27.Qd1 Nc6
28.Nd6 Rb8 29.Nxe4 Rg6 30.Rd6 Rxd6 31.cxd6 Ne5 32.Nc5 Qb5 33.h3 Rd8 34.Qd4
Nc6 35.Qd5 Nb4 36.Qc4 Qb6 37.d7 Nc6 38.Qe4 Qb2 39.Nd3 Qb7 40.Ne5 Na5 41.
Qf5 Qd5 42.Rc8 Nb7 43.e4 Qb3 44.Nc6 Qd1+ 45.Kh2 Rf8 46.Ne7+ 1-0

[Event "29. Friedensfest-Open (AFRO-A)"]
[Site "Augsburg"]
[Date "2024.08.09"]
[Round "3.5"]
[White "Litzka, Richard"]
[Black "Hoeller, Armin"]
[Result "1-0"]
[WhiteElo "2119"]
[BlackElo "1942"]
[EventDate "2024.08.08"]
[Time "09:30:00"]
[WhiteNrv "2119"]
[BlackNrv "1942"]
[WhiteTwz "2119"]
[BlackTwz "1942"]
[WhiteFideId "12971731"]
[BlackFideId "24651923"]
[WhiteNatFedId "10261519"]
[BlackNatFedId "10085787"]
[WhiteAttr "M"]
[BlackAttr "*"]
[WhiteTeam "FC Bayern Muenchen e.V."]
[BlackTeam "SK Weilheim e.V."]
[PlyCount "0"]

1.c4 e5 2.Nc3 Nc6 3.Nf3 f5 4.d4 e4 5.Nd2 Nf6 6.e3 Bb4 7.Ndb1 O-O 8.a3 Be7 
9.b4 Qe8 10.Be2 b6 11.b5 Nd8 12.a4 Bb7 13.g3 Nf7 14.Nd2 d5 15.Qb3 Qd7 16.
cxd5 Nxd5 17.Nxd5 Bxd5 18.Bc4 Rfd8 19.Bb2 Rac8 20.O-O c6 21.bxc6 Qxc6 22.
Rfc1 Bxc4 23.Rxc4 Qe6 24.Rxc8 Qxc8 25.a5 Qb7 26.axb6 axb6 27.Qe6 Bb4 28.
Nc4 b5 29.Ne5 Qd5 30.Qxd5 Rxd5 31.Nc6 Bf8 32.Ra8 Rd7 33.Ba3 Nd6 34.Ne5 1-0

[Event "29. Friedensfest-Open (AFRO-A)"]
[Site "Augsburg"]
[Date "2024.08.09"]
[Round "3.6"]
[White "Brand, Leonhard"]
[Black "Schwab, Matthias"]
[Result "1/2-1/2"]
[WhiteElo "1981"]
[BlackElo "2105"]
[EventDate "2024.08.08"]
[Time "09:30:00"]
[WhiteNrv "1981"]
[BlackNrv "2105"]
[WhiteTwz "1981"]
[BlackTwz "2105"]
[WhiteFideId "34649646"]
[BlackFideId "24622397"]
[WhiteNatFedId "10655780"]
[BlackNatFedId "10203034"]
[WhiteAttr "M"]
[BlackAttr "M"]
[WhiteTeam "SK Freising"]
[BlackTeam "SC Weisse Dame Ulm e.V."]
[PlyCount "0"]

1.e4 c6 2.Nc3 d5 3.Nf3 dxe4 4.Nxe4 Nf6 5.Qe2 Nxe4 6.Qxe4 Be6 7.b3 Nd7 8.
Bb2 Nf6 9.Qf4 Nd5 10.Qh4 Bf5 11.Qc4 e6 12.Nd4 Nb6 13.Qc3 Bg6 14.h4 h5 15.
O-O-O Nd5 16.Qg3 Qa5 17.Nxe6 Qxa2 18.Qe5 fxe6 19.Qxe6+ Kd8 20.Qxg6 Ba3 21.
Qg5+ Kc8 22.Qf5+ Kd8 23.Qg5+ Kc8 24.Qf5+ Kd8 25.Qg5+ 1/2-1/2

[Event "29. Friedensfest-Open (AFRO-A)"]
[Site "Augsburg"]
[Date "2024.08.09"]
[Round "3.7"]
[White "Kelemen, Alexander"]
[Black "Duong, Quang Bach"]
[Result "0-1"]
[WhiteElo "1914"]
[BlackElo "2100"]
[EventDate "2024.08.08"]
[Time "09:30:00"]
[WhiteNrv "1914"]
[BlackNrv "2100"]
[WhiteTwz "1914"]
[BlackTwz "2100"]
[WhiteFideId "12906700"]
[BlackFideId "16287045"]
[WhiteNatFedId "10254955"]
[BlackNatFedId "10626174"]
[WhiteAttr "M"]
[BlackAttr "M"]
[WhiteTeam "SC Weisse Dame Ulm e.V."]
[BlackTeam "SF Augsburg"]
[PlyCount "0"]

1.d4 Nf6 2.c4 e6 3.g3 d5 4.Nf3 Bb4+ 5.Bd2 Be7 6.Bg2 O-O 7.O-O Nbd7 8.Qc2 
c6 9.Bf4 b6 10.Rd1 Bb7 11.b3 c5 12.Nc3 dxc4 13.bxc4 cxd4 14.Rxd4 Bc5 15.
Rd2 Qe7 16.Ne5 Nxe5 17.Bxe5 Bxf2+ 18.Kxf2 Ng4+ 19.Kg1 Nxe5 20.Ne4 f5 21.
Nd6 Bxg2 22.Kxg2 Qc7 23.Rc1 Ng4 24.Qb3 Qc5 25.Qf3 Ne5 26.Qf4 Rad8 27.Rcd1 
Ng4 28.Rd3 e5 29.Qg5 Qf2+ 30.Kh3 Qxh2# 0-1

[Event "29. Friedensfest-Open (AFRO-A)"]
[Site "Augsburg"]
[Date "2024.08.09"]
[Round "3.8"]
[White "Kaufmann, Thorsten"]
[Black "Struck, Christian"]
[Result "1/2-1/2"]
[WhiteElo "2057"]
[BlackElo "1965"]
[EventDate "2024.08.08"]
[Time "09:30:00"]
[WhiteNrv "2057"]
[BlackNrv "1965"]
[WhiteTwz "2057"]
[BlackTwz "1965"]
[WhiteFideId "24647950"]
[BlackFideId "16269497"]
[WhiteNatFedId "10101131"]
[BlackNatFedId "10218366"]
[WhiteAttr "M"]
[BlackAttr "M"]
[WhiteTeam "SK Sontheim/Brenz e.V."]
[BlackTeam "SF Augsburg"]
[PlyCount "0"]

1.e4 d6 2.d4 Nf6 3.Nc3 e5 4.dxe5 dxe5 5.Qxd8+ Kxd8 6.Bc4 Be6 7.Bxe6 fxe6 
8.Bg5 Bd6 9.O-O-O Nd7 10.Nge2 a6 11.Rd2 Ke7 12.Rhd1 b5 13.a3 Rhb8 14.f3 a5
15.Nb1 h6 16.Be3 Nb6 17.Bxb6 Rxb6 18.c3 a4 19.Kc2 Nd7 20.Nc1 Nc5 21.Re2 
Rf8 22.Nd2 Na6 23.Nd3 c5 24.c4 b4 25.axb4 Nxb4+ 26.Nxb4 cxb4 27.b3 a3 28.
Kb1 Bc5 29.Nf1 Rd6 1/2-1/2

[Event "29. Friedensfest-Open (AFRO-A)"]
[Site "Augsburg"]
[Date "2024.08.09"]
[Round "3.9"]
[White "Edelmann, Oliver"]
[Black "Alvir, Aco"]
[Result "0-1"]
[WhiteElo "1944"]
[BlackElo "2290"]
[EventDate "2024.08.08"]
[Time "09:30:00"]
[WhiteNrv "1944"]
[BlackNrv "2290"]
[WhiteTwz "1944"]
[BlackTwz "2290"]
[BlackTitle "IM"]
[WhiteFideId "16272650"]
[BlackFideId "14400367"]
[WhiteNatFedId "10703890"]
[BlackNatFedId "10496782"]
[WhiteAttr "M"]
[BlackAttr "M"]
[WhiteTeam "SK Graefelfing"]
[BlackTeam "Muenchener SC 1836 e.V."]
[PlyCount "0"]

1.d4 Nf6 2.c4 c5 3.d5 d6 4.Nc3 g6 5.h3 Bg7 6.Nf3 O-O 7.Bg5 h6 8.Bf4 g5 9.
Bh2 b5 10.Qc2 b4 11.Nd1 e6 12.Ne3 Na6 13.Rd1 b3 14.axb3 exd5 15.cxd5 Nb4 
16.Qb1 a5 17.Nf5 Bxf5 18.Qxf5 a4 19.bxa4 Qa5 20.Nd2 Qxa4 21.b3 Qa2 22.e3 
Nc2+ 23.Ke2 c4 24.bxc4 Ra3 25.Bxd6 Re8 26.Be5 Ne4 27.Bxg7 Kxg7 28.Qd7 Nd4+
29.Ke1 Nxd2 30.Be2 Nc2+ 31.Kxd2 Nd4+ 32.Ke1 Qxe2# 0-1

[Event "29. Friedensfest-Open (AFRO-A)"]
[Site "Augsburg"]
[Date "2024.08.09"]
[Round "3.10"]
[White "Weil, Volker"]
[Black "Wolf, Armin"]
[Result "1/2-1/2"]
[WhiteElo "1977"]
[BlackElo "2216"]
[EventDate "2024.08.08"]
[Time "09:30:00"]
[WhiteNrv "1977"]
[BlackNrv "2216"]
[WhiteTwz "1977"]
[BlackTwz "2216"]
[BlackTitle "FM"]
[WhiteFideId "4612949"]
[BlackFideId "4685954"]
[WhiteNatFedId "10237275"]
[BlackNatFedId "10245952"]
[WhiteAttr "*"]
[BlackAttr "M"]
[WhiteTeam "SV Lahn Limburg"]
[BlackTeam "SAbt TSV Haunstetten"]
[PlyCount "0"]

1.d4 g6 2.Nf3 Bg7 3.c3 d6 4.e4 Nf6 5.Qc2 O-O 6.Bg5 Nbd7 7.Nbd2 e5 8.dxe5 
dxe5 9.Be2 h6 10.Bh4 Qe8 11.O-O Nh5 12.Rfe1 Nf4 13.Bf1 f6 14.h3 Kh8 15.b4 
h5 16.Bg3 Ne6 17.Nc4 Nb6 18.a4 Nxc4 19.Bxc4 a5 20.b5 Nc5 21.Qe2 Qe7 22.Nd2
Be6 23.Bxe6 Qxe6 24.Qc4 Qe7 25.f3 Rfd8 26.Nf1 Bf8 27.Red1 Kg7 28.Ne3 c6 
29.bxc6 bxc6 30.Bf2 Qf7 31.g4 hxg4 32.hxg4 Qxc4 33.Nxc4 Rxd1+ 34.Rxd1 Nxa4
35.g5 Nc5 36.gxf6+ Kxf6 37.Kg2 a4 38.Nb6 Ra5 39.Nc4 Ra6 40.Bg3 a3 41.Bxe5+
Ke6 42.Bc7 Nb3 43.Nxa3 Rxa3 44.f4 Nc5 45.f5+ gxf5 46.exf5+ Kf7 47.Be5 Be7 
48.Rh1 Nd7 49.Rh7+ Ke8 50.Rh8+ Bf8 51.Bg7 Kf7 52.Bd4 c5 53.Rh7+ Ke8 54.Bh8
Nb6 55.Rb7 Nd5 56.f6 Ra6 57.f7+ Kd8 58.Be5 Rc6 59.Kf3 Nb6 60.Ke4 Nd7 61.
Bf4 Ke7 62.Kd5 Ra6 63.Bg5+ 1/2-1/2

[Event "29. Friedensfest-Open (AFRO-A)"]
[Site "Augsburg"]
[Date "2024.08.09"]
[Round "3.11"]
[White "Bilchinski, Anton"]
[Black "Li, Yunqi"]
[Result "1-0"]
[WhiteElo "2204"]
[BlackElo "1975"]
[EventDate "2024.08.08"]
[Time "09:30:00"]
[WhiteNrv "2204"]
[BlackNrv "1975"]
[WhiteTwz "2204"]
[BlackTwz "1975"]
[WhiteTitle "FM"]
[WhiteFideId "24615765"]
[BlackFideId "34610618"]
[WhiteNatFedId "10254221"]
[BlackNatFedId "10754717"]
[WhiteAttr "M"]
[BlackAttr "M"]
[WhiteTeam "SC Eppingen"]
[BlackTeam "SF 59 Kornwestheim"]
[PlyCount "0"]

1.Nf3 Nf6 2.g3 d5 3.Bg2 Bf5 4.O-O e6 5.d3 Bd6 6.Nbd2 h6 7.Re1 Bh7 8.b3 O-O
9.Bb2 c5 10.e4 Bc7 11.exd5 exd5 12.Ne5 Re8 13.f4 Na6 14.a3 Rb8 15.Qf3 Bd6 
16.Re2 Qb6 17.Kh1 Re7 18.Rae1 h5 19.h3 Qc7 20.g4 hxg4 21.hxg4 d4 22.g5 Nd7
23.g6 Bxg6 24.Nxg6 Rxe2 25.Qxe2 fxg6 26.Bd5+ Kf8 27.Qh2 1-0

[Event "29. Friedensfest-Open (AFRO-A)"]
[Site "Augsburg"]
[Date "2024.08.09"]
[Round "3.12"]
[White "Eichschmied, Patrick"]
[Black "Zill, Christoph"]
[Result "1/2-1/2"]
[WhiteElo "1956"]
[BlackElo "2140"]
[EventDate "2024.08.08"]
[Time "09:30:00"]
[WhiteNrv "1956"]
[BlackNrv "2140"]
[WhiteTwz "1956"]
[BlackTwz "2140"]
[BlackTitle "FM"]
[WhiteFideId "24683663"]
[BlackFideId "4688856"]
[WhiteNatFedId "10043123"]
[BlackNatFedId "10250521"]
[WhiteAttr "M"]
[BlackAttr "M"]
[WhiteTeam "MTV Ingolstadt"]
[BlackTeam "SK Freising"]
[PlyCount "0"]

1.e4 e6 2.d4 d5 3.Nd2 c5 4.Ngf3 cxd4 5.Nxd4 Nc6 6.Bb5 Bd7 7.Nxc6 Bxc6 8.
Bxc6+ bxc6 9.c4 Nf6 10.Qa4 Qd7 11.e5 c5 12.Qc2 Ng4 13.Nf3 h5 14.O-O Be7 
15.Re1 d4 16.Bg5 Rb8 17.Rad1 Kf8 18.Bxe7+ Qxe7 19.Rd3 g6 20.Qd2 Kg7 21.Ng5
Rb4 22.b3 Rb6 23.Qf4 Rf8 24.h3 f6 25.Nf3 Nxe5 26.Nxe5 fxe5 27.Qxe5+ Qf6 
28.Qg3 Qf4 29.Qxf4 Rxf4 30.g3 Rf5 31.h4 a5 32.f4 Kf6 33.Kg2 Ke7 34.Kf3 Kd6
35.Ke4 Rf7 36.Rf1 Rb4 37.Rg1 a4 38.g4 axb3 39.axb3 Rfb7 40.gxh5 gxh5 41.
Rgg3 Ra7 42.f5 1/2-1/2

[Event "29. Friedensfest-Open (AFRO-A)"]
[Site "Augsburg"]
[Date "2024.08.09"]
[Round "3.13"]
[White "Seyb, Dieter"]
[Black "Yin, Stanley"]
[Result "1/2-1/2"]
[WhiteElo "2138"]
[BlackElo "1975"]
[EventDate "2024.08.08"]
[Time "09:30:00"]
[WhiteNrv "2138"]
[BlackNrv "1975"]
[WhiteTwz "2138"]
[BlackTwz "1975"]
[WhiteTitle "FM"]
[WhiteFideId "4603346"]
[BlackFideId "24622729"]
[WhiteNatFedId "10207061"]
[BlackNatFedId "10248263"]
[WhiteAttr "M"]
[BlackAttr "M"]
[WhiteTeam "FSV Grossenseebach"]
[BlackTeam "SC Thallichtenberg"]
[PlyCount "0"]

1.e4 e5 2.Nf3 d6 3.d4 Nc6 4.Bb5 Bd7 5.Nc3 exd4 6.Nxd4 Nxd4 7.Qxd4 Bxb5 8.
Nxb5 a6 9.Nc3 Nf6 10.Bf4 Nh5 11.Be3 Qc8 12.Nd5 Be7 13.O-O-O Bd8 14.e5 O-O 
15.exd6 cxd6 16.Kb1 Qc6 17.g4 Nf6 18.g5 Nxd5 19.Qxd5 Rc8 20.Qxc6 Rxc6 21.
Rhe1 f6 22.h4 fxg5 23.hxg5 1/2-1/2

[Event "29. Friedensfest-Open (AFRO-A)"]
[Site "Augsburg"]
[Date "2024.08.09"]
[Round "3.14"]
[White "Foerch, Benedikt"]
[Black "Schindler, Alexander"]
[Result "1-0"]
[WhiteElo "2102"]
[BlackElo "1956"]
[EventDate "2024.08.08"]
[Time "09:30:00"]
[WhiteNrv "2102"]
[BlackNrv "1956"]
[WhiteTwz "2102"]
[BlackTwz "1956"]
[WhiteFideId "16228758"]
[BlackFideId "16248295"]
[WhiteNatFedId "10052041"]
[BlackNatFedId "10270604"]
[WhiteAttr "M"]
[BlackAttr "M"]
[WhiteTeam "SK Neuburg"]
[BlackTeam "SF Augsburg"]
[PlyCount "0"]

1.Nf3 d5 2.g3 Nf6 3.Bg2 c5 4.O-O Nc6 5.d4 e6 6.c4 dxc4 7.Qa4 Bd7 8.dxc5 
Bxc5 9.Qxc4 Be7 10.Nc3 O-O 11.Rd1 Rc8 12.e4 Qb6 13.Qb5 Qxb5 14.Nxb5 Rfd8 
15.Ne1 Be8 16.Bf4 e5 17.Bg5 h6 18.Bxf6 gxf6 19.Bh3 Rb8 20.Nf3 a6 21.Nc7 
Bc5 22.Nxe8 Rxe8 23.Bd7 Red8 24.Bxc6 bxc6 25.b3 Ba3 26.Kf1 c5 27.Nd2 Bb2 
28.Rab1 Bd4 29.Nc4 Kg7 30.Rd3 Rb7 31.Rc1 Rdd7 32.Rf3 Kg6 33.Ke2 Rbc7 34.
Rd1 Kg7 35.g4 Kg6 36.h4 Rb7 37.h5+ Kg7 38.Rfd3 Rbc7 39.R1d2 Rb7 40.Rc2 
Rbc7 41.Rdd2 Rb7 42.Rd1 Rbc7 43.Nd2 Rb7 44.Rc4 Rb6 45.Nf1 Rdb7 46.Ng3 Rb4 
47.Nf5+ Kh7 48.Rxb4 Rxb4 49.Rc1 Rb6 50.Ne7 Kg7 51.f3 Kh7 52.Rc4 Kg7 53.Ra4
Kh7 54.Kd3 Kg7 55.Kc4 Kh7 56.Kd5 Rb7 57.Kd6 Bc3 58.Nd5 Bb4 59.Kc6 Rb8 60.
Nxf6+ Kg7 61.Nd5 a5 62.Kd6 f6 63.Nxb4 cxb4 64.Rxa5 Rd8+ 65.Ke6 Rd3 1-0

[Event "29. Friedensfest-Open (AFRO-A)"]
[Site "Augsburg"]
[Date "2024.08.09"]
[Round "3.15"]
[White "Herb, Stefan"]
[Black "Langner, Robin"]
[Result "0-1"]
[WhiteElo "2085"]
[BlackElo "1968"]
[EventDate "2024.08.08"]
[Time "09:30:00"]
[WhiteNrv "2085"]
[BlackNrv "1968"]
[WhiteTwz "2085"]
[BlackTwz "1968"]
[WhiteFideId "4627903"]
[BlackFideId "34606190"]
[WhiteNatFedId "10080993"]
[BlackNatFedId "10724137"]
[WhiteAttr "M"]
[BlackAttr "M"]
[WhiteTeam "SAbt TSV Haunstetten"]
[BlackTeam "SK Freiburg-Zaehringen 1887 e.V."]
[PlyCount "0"]

1.Nf3 c5 2.e4 d6 3.Bb5+ Nd7 4.c3 Nf6 5.Qe2 a6 6.Ba4 b5 7.Bc2 Bb7 8.O-O c4 
9.b3 Qc7 10.bxc4 bxc4 11.Ba3 e6 12.Re1 Be7 13.e5 dxe5 14.Nxe5 Nxe5 15.Qxe5
Qxe5 16.Rxe5 Bd5 17.d3 Nd7 18.Re3 Rb8 19.Bxe7 Kxe7 20.d4 Rb2 21.Na3 Rhb8 
22.Ree1 Nf6 23.f3 Nh5 24.g3 Bxf3 25.Re5 Nf6 26.Ra5 Nd5 27.Rxa6 Nxc3 28.
Ra7+ R8b7 29.Rxb7+ Bxb7 30.Bxh7 0-1

[Event "29. Friedensfest-Open (AFRO-A)"]
[Site "Augsburg"]
[Date "2024.08.09"]
[Round "3.16"]
[White "Iberl, Michael"]
[Black "Lichtenstern, Benjamin"]
[Result "0-1"]
[WhiteElo "1953"]
[BlackElo "2070"]
[EventDate "2024.08.08"]
[Time "09:30:00"]
[WhiteNrv "1953"]
[BlackNrv "2070"]
[WhiteTwz "1953"]
[BlackTwz "2070"]
[WhiteFideId "4644085"]
[BlackFideId "24627020"]
[WhiteNatFedId "10091886"]
[BlackNatFedId "10128465"]
[WhiteAttr "M"]
[BlackAttr "M"]
[WhiteTeam "SF Dachau 1932 e.V."]
[BlackTeam "FC Bayern Muenchen e.V."]
[PlyCount "0"]

1.d4 d5 2.Bf4 e6 3.Nf3 Nf6 4.e3 Bd6 5.Bg3 Ne4 6.Nbd2 Nxg3 7.hxg3 c5 8.c3 
Nc6 9.Bd3 h6 10.Qe2 Bd7 11.dxc5 Bxc5 12.Nb3 Bb6 13.e4 dxe4 14.Qxe4 Qe7 15.
a4 f5 16.Qe2 e5 17.Nfd2 O-O 18.a5 Bc7 19.Bc4+ Kh8 20.a6 bxa6 21.Rxa6 Rab8 
22.Nf3 Bb6 23.Nh4 Qf6 24.Qh5 Be8 25.Qe2 e4 26.Nd2 g5 27.Nxf5 Qxf5 28.Nxe4 
Ne5 29.f3 Nxc4 30.Qxc4 Bb5 0-1

[Event "29. Friedensfest-Open (AFRO-A)"]
[Site "Augsburg"]
[Date "2024.08.09"]
[Round "3.17"]
[White "Zieringer, Sebastian"]
[Black "Merkel, Luis"]
[Result "1/2-1/2"]
[WhiteElo "1892"]
[BlackElo "2053"]
[EventDate "2024.08.08"]
[Time "09:30:00"]
[WhiteNrv "1892"]
[BlackNrv "2053"]
[WhiteTwz "1892"]
[BlackTwz "2053"]
[WhiteFideId "16222008"]
[BlackFideId "12972800"]
[WhiteNatFedId "10288090"]
[BlackNatFedId "10407203"]
[WhiteAttr "M"]
[BlackAttr "M"]
[WhiteTeam "SK Graefelfing"]
[BlackTeam "SG Buechenbach/Roth e.V."]
[PlyCount "0"]

1.e4 c5 2.d4 cxd4 3.c3 Nf6 4.e5 Nd5 5.Nf3 d6 6.exd6 e6 7.Nxd4 Bxd6 8.g3 
Nc6 9.Nxc6 bxc6 10.Qa4 Bd7 11.Bg2 O-O 12.O-O e5 13.Nd2 f5 14.Qc4 e4 15.Nb3
Kh8 16.Rd1 Qe7 17.Qd4 Be5 18.Qc5 Bd6 19.Qd4 Bc7 20.Qc5 Qe5 21.Qd4 Qe8 22.
c4 Bb6 23.Nc5 Nb4 24.Qxd7 Bxc5 25.Qxe8 Raxe8 26.Bf1 Nc2 27.Rb1 e3 28.Bxe3 
Nxe3 29.fxe3 Rxe3 30.Kg2 Re7 31.b4 1/2-1/2

[Event "29. Friedensfest-Open (AFRO-A)"]
[Site "Augsburg"]
[Date "2024.08.09"]
[Round "3.18"]
[White "Watzenberger, Stefan"]
[Black "Hennig, Konrad"]
[Result "0-1"]
[WhiteElo "2051"]
[BlackElo "1912"]
[EventDate "2024.08.08"]
[Time "09:30:00"]
[WhiteNrv "2051"]
[BlackNrv "1912"]
[WhiteTwz "2051"]
[BlackTwz "1912"]
[WhiteFideId "12941875"]
[BlackFideId "34622519"]
[WhiteNatFedId "10235251"]
[BlackNatFedId "10777014"]
[WhiteAttr "M"]
[BlackAttr "M"]
[WhiteTeam "SC Sendling e.V."]
[BlackTeam "FC Bayern Muenchen e.V."]
[PlyCount "0"]

1.e4 c6 2.d4 d5 3.Nc3 dxe4 4.Nxe4 Nf6 5.Nxf6+ exf6 6.c3 Bd6 7.Bd3 O-O 8.
Qc2 Kh8 9.Ne2 Nd7 10.O-O Re8 11.Be3 Nf8 12.c4 Bc7 13.Rfe1 g6 14.Rad1 Bg4 
15.h3 Bd7 16.Qd2 Ne6 17.Nf4 Ng7 18.d5 g5 19.dxc6 Bxc6 20.Nd5 Bxd5 21.cxd5 
Qxd5 22.Bb1 Qxd2 23.Bxd2 Be5 24.Be3 Red8 25.Bxa7 Rxd1 26.Rxd1 Ne6 27.Be3 
Bxb2 28.Be4 Rxa2 29.Bxb7 Ra1 30.Rxa1 Bxa1 31.g4 Bd4 32.Bxd4 Nxd4 33.Be4 
Ne2+ 34.Kg2 Kg7 35.Kf3 Nf4 36.Kg3 h6 37.Bc2 Ng6 38.Bd3 Nh4 39.f4 Ng6 40.f5
Nf4 41.Bc4 Kf8 42.h4 Ke7 43.h5 Kd6 44.Bxf7 Nd3 45.Bc4 Ne5 46.Bf1 Kd5 47.
Bh3 Ke4 48.Bg2+ Ke3 49.Bf1 Nd7 50.Bb5 Nc5 51.Bc4 Ne4+ 52.Kg2 Kf4 53.Bd5 
Nc3 54.Bf3 Ke3 55.Kg3 Ne4+ 56.Kg2 Nd2 57.Bd1 Kf4 58.Be2 Ne4 59.Bf3 Nc3 60.
Kf2 Na4 61.Kg2 Nc5 62.Be2 Nd7 63.Kh3 0-1

[Event "29. Friedensfest-Open (AFRO-A)"]
[Site "Augsburg"]
[Date "2024.08.09"]
[Round "3.19"]
[White "Soergel, Thomas"]
[Black "Mayer, Manuel"]
[Result "1-0"]
[WhiteElo "2010"]
[BlackElo "1832"]
[EventDate "2024.08.08"]
[Time "09:30:00"]
[WhiteNrv "2010"]
[BlackNrv "1832"]
[WhiteTwz "2010"]
[BlackTwz "1832"]
[WhiteFideId "4667980"]
[BlackFideId "34636838"]
[WhiteNatFedId "10209978"]
[BlackNatFedId "10762354"]
[WhiteAttr "M"]
[BlackAttr "M"]
[WhiteTeam "SK Graefelfing"]
[BlackTeam "TSV Landsberg 1882"]
[PlyCount "0"]

1.c4 Nf6 2.Nc3 e6 3.d4 Bb4 4.Qc2 O-O 5.Nf3 d6 6.Bg5 Nbd7 7.a3 Bxc3+ 8.Qxc3
b6 9.e3 Bb7 10.Be2 Rc8 11.Qc2 c5 12.O-O cxd4 13.Nxd4 Rc5 14.Bh4 Qa8 15.f3 
Rfc8 16.Qd2 a6 17.Bg3 Ne5 18.b3 Qa7 19.a4 Qb8 20.Rac1 Qc7 21.e4 d5 22.exd5
exd5 23.b4 Rxc4 24.Bxc4 dxc4 25.Qf4 Nfd7 26.Rc3 Qd6 27.Nc2 f6 28.Qd4 Qc6 
29.Ra1 Nd3 30.Ne3 N7e5 31.Bxe5 Nxe5 32.Nf5 Qe6 33.Ng3 Nd3 34.b5 a5 35.Ne4 
Rc7 36.Qd8+ 1-0